Landmarks: Same Continent? Quiz Stats

 Plays Quiz Updated Aug 12, 2017

Support Sporcle.
Go Orange.
Score 0/20 Timer 06:00
1 Play Today
Landmarks (Y)es or (N)o? % Correct
Angkor Wat and Taj Mahal???
84.4%
Grand Canyon and Petra???
83.4%
Westminster Abbey and Christ the Redeemer???
81.7%
Burj Khalifa and CN Tower???
79.1%
The Dead Sea and Death Valley???
79%
Tivoli Gardens and Stonehenge???
77.3%
Machu Picchu and Mount Aconcagua???
76.9%
Mount Everest and Mount Fuji???
73.2%
Perito Moreno Glacier and Great Barrier Reef???
72.4%
Great Wall of China and Bikini Atoll???
68.8%
Landmarks (Y)es or (N)o? % Correct
Giza Necropolis and Serengeti National Park???
68.3%
Mount Etna and Giant's Causeway???
67.8%
Uluru (Ayers Rock) and The Moeraki Boulders???
64.9%
The Acropolis and Dome of the Rock???
63.8%
The Alhambra and Big Ben???
62.6%
Ross Ice Shelf and Mount Erebus???
59.3%
Niagara Falls and Chichen Itza???
58.7%
Ruins of Carthage and St. Peter's Basilica???
57.3%
Mount Roraima and Mount Kilimanjaro???
56.7%
Iguazu Falls and Tugela Falls???
47.2%

You're not logged in!

Compare scores with friends on all Sporcle quizzes.
OR
Log In
Forgot?

From the Vault

FIFA Players With Most Caps

by Ben

Actual caps are not typically given any more, which is a shame cause that would look mighty classy on a football field.
Remove Ads.
Support Sporcle.
Get the best of Sporcle when you Go Orange. This ad-free experience offers more features, more stats, and more fun while also helping to support Sporcle. Thank you for becoming a member.

Show Comments

Extras

Top Quizzes Today


Score Distribution

Your Account Isn't Verified!

In order to create a playlist on Sporcle, you need to verify the email address you used during registration. Go to your Sporcle Settings to finish the process.

Report this User

Report this user for behavior that violates our Community Guidelines.

Details: